UM Logo

Teachers occupational stress and its relationship to students motivation towards learning/ (Record no. 2942)

MARC details
000 -LEADER
fixed length control field 00621nam a22001697a 4500
008 - FIXED-LENGTH DATA ELEMENTS--GENERAL INFORMATION
fixed length control field 160602b xxu||||| |||| 00| 0 eng d
082 ## - DEWEY DECIMAL CLASSIFICATION NUMBER
Edition number 2012
Classification number UT 0333
Item number Sa57
100 ## - MAIN ENTRY--PERSONAL NAME
9 (RLIN) 9798
Personal name Sandoval, John Ralph.
245 ## - TITLE STATEMENT
Title Teachers occupational stress and its relationship to students motivation towards learning/
Statement of responsibility, etc. John Ralph Sandoval [and three others].
260 ## - PUBLICATION, DISTRIBUTION, ETC. (IMPRINT)
Place of publication, distribution, etc. Digos City:
Name of publisher, distributor, etc. UMDC
Date of publication, distribution, etc. March 2012.
300 ## - PHYSICAL DESCRIPTION
Extent 28 pages;
Dimensions 28 cm.
650 #0 - SUBJECT ADDED ENTRY--TOPICAL TERM
9 (RLIN) 9797
Topical term or geographic name as entry element Elementary Education
General subdivision Undergraduate thesis.
700 ## - ADDED ENTRY--PERSONAL NAME
9 (RLIN) 9794
Personal name Dagangon, Anna Lyn.
700 ## - ADDED ENTRY--PERSONAL NAME
9 (RLIN) 9795
Personal name Gasing, Alexis.
700 ## - ADDED ENTRY--PERSONAL NAME
9 (RLIN) 9796
Personal name Manit, Jinny.
942 ## - ADDED ENTRY ELEMENTS (KOHA)
Source of classification or shelving scheme Dewey Decimal Classification
Koha item type Undergraduate Thesis
Holdings
Withdrawn status Lost status Source of classification or shelving scheme Damaged status Not for loan Collection code Home library Current library Date acquired Total Checkouts Full call number Barcode Date last seen Price effective from Koha item type
    Dewey Decimal Classification     Undergraduate Theses UM Digos College - LIC UM Digos College - LIC 06/02/2016   UT 0333 Sa57 2012 UT0333 06/02/2016 06/02/2016 Undergraduate Thesis